Let It Grow (The Lorax) Lyrics - Statistics

General Stats
  • This quiz has been taken 467 times
  • The average score is 282 of 365
Answer Stats
character(s) singing Answer % Correct
i
97%
li
95%
grow
94%
a
93%
let
93%
it
92%
my
91%
name
90%
Crowd | Cy you
89%
Rose and
87%
the
87%
die
86%
we
86%
i'm
85%
O'Hare
85%
say
85%
so
85%
try
85%
just
84%
me
84%
tree
84%
but
83%
no
83%
know
82%
name's
82%
on
82%
see
82%
cy
81%
delivery
81%
is
81%
to
81%
guy
80%
of
80%
rose
80%
dan
79%
don't
79%
grammy
79%
like
79%
Dan and Rose our
79%
marie
78%
one
78%
son
77%
three
77%
up
77%
am
76%
glows
76%
in
76%
really
76%
trees
76%
be
75%
norma
75%
shrivel
75%
when
75%
kind
74%
might
74%
old
74%
la
73%
worth
73%
would
73%
air
72%
everywhere
72%
gray
72%
hair
72%
remember
72%
seed
72%
were
72%
for
71%
not
71%
should
71%
what
71%
can't
70%
got
70%
that's
70%
good
69%
had
69%
its
69%
it's
69%
pay
69%
suppose
69%
too
68%
greed
67%
live
67%
dirtbag
66%
inside
66%
time
66%
come
65%
here
65%
I've
65%
with
65%
change
64%
earth
64%
greedy
64%
naw
64%
point
64%
seems
64%
tiny
64%
view
64%
wesley
64%
need
63%
plant
63%
sow
63%
Thneedville
63%
thneedville
63%
true
63%
who's
63%
things
62%
reap
61%
all
60%
start
59%
celebrate
56%
way
56%
long
55%
maybe
55%
Marie nobody
55%
show
55%
world's
55%
ago
54%
anew
54%
rebirth
54%
let's
53%
did
52%
could
51%
love
48%
huh
38%
life
38%
new
35%
lead
34%
this
25%
brand
24%
your
22%
dawn
21%
creed
17%
solemn
17%
banish
16%
flowered
12%
imagine
12%
treed
11%
No matching quizzes found
Score Distribution
Percent of People with Each Score
Percentile by Number Answered
Your Score History
You have not taken this quiz